[Event "XVII MetLife Najdorf Open 2017"]
[Site "Warsaw"]
[Date "2017.07.12"]
[Round "4.69"]
[White "Baltic, Fatih"]
[Black "Othman, A  Moussa"]
[Result "1-0"]
[WhiteElo "2210"]
[BlackElo "2277"]
[Annotator "ChessBase"]
[PlyCount "47"]
[EventDate "2017.??.??"]
[EventType "swiss"]
[EventCountry "POL"]
[SourceTitle "playchess.com"]
[Source "ChessBase"]
[SourceQuality "1"]
[TimeControl "40/5400+30:1800+30"]

1. e4 d6 2. d4 g6 3. Nc3 Bg7 4. f4 a6 5. Nf3 b5 6. Bd3 Nd7 7. e5 e6 8. a4 bxa4 9. O-O Nb6 10. Nxa4 Nxa4 11. Rxa4 Ne7 12. Qe2 O-O 13. Bd2 Bb7 14. Rfa1 Bc6 15. Rxa6 Rxa6 16. Rxa6 Bxf3 17. Qxf3 dxe5 18. dxe5 Qd4+ 19. Be3 Qxb2 20. Bc5 Re8 21. Ra8 Kf8 22. Qc6 Qd4+ 23. Kh1 Rd8 24. Qxc7 1-0

[Event "XVII MetLife Najdorf Open 2017"]
[Site "Warsaw"]
[Date "2017.07.12"]
[Round "4.70"]
[White "Fus, Jakub"]
[Black "Chylewski, Patryk"]
[Result "0-1"]
[WhiteElo "2103"]
[BlackElo "2275"]
[Annotator "ChessBase"]
[PlyCount "158"]
[EventDate "2017.??.??"]
[EventType "swiss"]
[EventCountry "POL"]
[SourceTitle "playchess.com"]
[Source "ChessBase"]
[SourceQuality "1"]
[TimeControl "40/5400+30:1800+30"]

1. d4 Nf6 2. c4 g6 3. Nc3 d5 4. Bf4 Bg7 5. e3 O-O 6. Rc1 Be6 7. c5 c6 8. Bd3 Nh5 9. Bg5 f5 10. f4 Nf6 11. Bxf6 exf6 12. Nf3 b5 13. Kf2 a5 14. Qc2 Na6 15. Qd2 Nc7 16. h3 Qd7 17. Rcg1 Ne8 18. Qc2 Bh8 19. g3 Ng7 20. Rh2 Kf7 21. Rhg2 Ke7 22. Ne2 Rae8 23. g4 Kd8 24. g5 Nh5 25. h4 Qc7 26. Qd2 Bf7 27. Nc3 Re7 28. Bxb5 Qb7 29. Bd3 Rfe8 30. Re1 fxg5 31. hxg5 Nxf4 32. exf4 Rxe1 33. Nxe1 Bxd4+ 34. Kg3 Be3 35. Qd1 Qb4 36. Ne2 Bxc5 37. Nc2 Qxb2 38. Rh2 Bg8 39. Rh1 Qxa2 40. Nc3 Qb3 41. Qd2 Bb4 42. Nxb4 axb4 43. Ne2 c5 44. Rb1 Qa3 45. Kf2 Kc7 46. Nd4 cxd4 47. Qc2+ Kd6 48. Rc1 Qc3 49. Qd1 Qb2+ 50. Rc2 Qa3 51. Qb1 b3 52. Rb2 Qb4 53. Qd1 Re3 54. Rxb3 Qa5 55. Be2 Rxb3 56. Qxb3 Be6 57. Qb8+ Qc7 58. Qb4+ Qc5 59. Qb8+ Ke7 60. Bb5 d3+ 61. Kf3 Qc8 62. Qa7+ Bd7 63. Qe3+ Kf7 64. Bxd3 Qc3 65. Kf2 d4 66. Qe2 Be6 67. Bb5 Qc7 68. Kg3 Qd6 69. Qf2 Qa3+ 70. Kh4 Qe3 71. Qxe3 dxe3 72. Kg3 Bd5 73. Be2 Ke6 74. Kh2 Kd6 75. Kg1 Kc5 76. Bd3 Kd4 77. Bb1 e2 78. Kf2 e1=Q+ 79. Kxe1 Ke3 0-1

[Event "XVII MetLife Najdorf Open 2017"]
[Site "Warsaw"]
[Date "2017.07.12"]
[Round "4.71"]
[White "Selbes, Tarik"]
[Black "Yelisieiev, Yevhenii"]
[Result "1-0"]
[WhiteElo "2260"]
[BlackElo "2317"]
[Annotator "ChessBase"]
[PlyCount "61"]
[EventDate "2017.??.??"]
[EventType "swiss"]
[EventCountry "POL"]
[SourceTitle "playchess.com"]
[Source "ChessBase"]
[SourceQuality "1"]
[TimeControl "40/5400+30:1800+30"]

1. e4 d6 2. d4 Nf6 3. Nc3 e5 4. Nf3 Nbd7 5. Bc4 Be7 6. a4 O-O 7. O-O c6 8. h3 a5 9. Re1 Nb6 10. Ba2 Nfd7 11. Be3 exd4 12. Nxd4 Nc5 13. Qh5 Nbxa4 14. Nxa4 Nxa4 15. Nf3 b5 16. Ng5 Bxg5 17. Bxg5 Qc7 18. Re3 Kh8 19. Bf4 Be6 20. e5 d5 21. Rg3 Rg8 22. c3 f5 23. Re1 Raf8 24. Bb1 Nc5 25. f3 Qf7 26. Qh4 Bc8 27. e6 Nxe6 28. Be5 Re8 29. f4 Nf8 30. Rg5 Ng6 31. Qxh7+ 1-0

[Event "XVII MetLife Najdorf Open 2017"]
[Site "Warsaw"]
[Date "2017.07.12"]
[Round "4.72"]
[White "Prithu Gupta"]
[Black "Godzwon, Iwo"]
[Result "1/2-1/2"]
[WhiteElo "2293"]
[BlackElo "2205"]
[Annotator "ChessBase"]
[PlyCount "35"]
[EventDate "2017.??.??"]
[EventType "swiss"]
[EventCountry "POL"]
[SourceTitle "playchess.com"]
[Source "ChessBase"]
[SourceQuality "1"]
[TimeControl "40/5400+30:1800+30"]

1. e4 c5 2. Nf3 Nc6 3. d4 cxd4 4. Nxd4 g6 5. Nc3 Bg7 6. Be3 Nf6 7. Bc4 O-O 8. Bb3 Re8 9. Nxc6 dxc6 10. Qxd8 Rxd8 11. f3 b6 12. Kf2 Ne8 13. Rhd1 Ba6 14. a4 Nd6 15. a5 b5 16. Bc5 Kf8 17. Na2 Nb7 18. Be3 1/2-1/2

[Event "XVII MetLife Najdorf Open 2017"]
[Site "Warsaw"]
[Date "2017.07.12"]
[Round "4.73"]
[White "Karpus, Michal"]
[Black "Paramzina, Anastasya"]
[Result "0-1"]
[WhiteElo "2291"]
[BlackElo "2166"]
[Annotator "ChessBase"]
[PlyCount "74"]
[EventDate "2017.??.??"]
[EventType "swiss"]
[EventCountry "POL"]
[SourceTitle "playchess.com"]
[Source "ChessBase"]
[SourceQuality "1"]
[TimeControl "40/5400+30:1800+30"]

1. e4 c5 2. Nf3 d6 3. d4 cxd4 4. Nxd4 Nf6 5. Nc3 a6 6. Bg5 Nbd7 7. Bc4 Qb6 8. Bb3 e6 9. Qd2 Be7 10. O-O-O Nc5 11. Rhe1 O-O 12. f4 h6 13. h4 Bd7 14. Kb1 Nxb3 15. Nxb3 Bc6 16. Nd4 Rac8 17. g4 Rc7 18. Qg2 Rfc8 19. Bxh6 gxh6 20. g5 Kh8 21. f5 Bd7 22. gxf6 Bxf6 23. e5 dxe5 24. Qd2 Kh7 25. Ne4 exf5 26. Nxf6+ Qxf6 27. Nf3 Bc6 28. Nxe5 Be4 29. Nd3 Rxc2 30. Qb4 a5 31. Qa3 Qd4 32. Qb3 R8c4 33. h5 a4 34. Qa3 b5 35. Rxe4 fxe4 36. Rf1 Rc7 37. Nf4 b4 0-1

[Event "XVII MetLife Najdorf Open 2017"]
[Site "Warsaw"]
[Date "2017.07.13"]
[Round "5.1"]
[White "Piorun, Kacper"]
[Black "Sadzikowski, Daniel"]
[Result "1/2-1/2"]
[WhiteElo "2637"]
[BlackElo "2563"]
[Annotator "TA"]
[PlyCount "50"]
[EventDate "2017.??.??"]
[EventType "swiss"]
[EventCountry "POL"]
[SourceTitle "playchess.com"]
[Source "ChessBase"]
[SourceQuality "1"]

{[%evp 21,50,25,12,4,11,-11,0,-16,-23,-55,-50,-32,-30,-43,-27,-29,31,24,37,37,40,24,35,0,22,22,22,25,19,16,35]} 1. c4 c5 2. g3 g6 3. Bg2 Bg7 4. Nc3 Nc6 5. Nf3 e5 6. O-O Nge7 7. a3 O-O 8. Rb1 d5 9. cxd5 Nxd5 10. Nxd5 Qxd5 11. d3 Qd6 {LiveBook: 3 Games} 12. Be3 {A37: Symmetrical English vs ...g6: 4 Bg2 Bg7 5 Nf3} (12. b4 cxb4 13. axb4 Nxb4 14. Ba3 a5 15. Nd2 Be6 16. Nc4 Bxc4 17. dxc4 Qe7 18. Qb3 e4 19. Bxb4 axb4 20. Qxb4 Qxb4 21. Rxb4 {½-½ (56) Nakamura,H (2764)-Dominguez Perez,L (2751) Baku 2014}) 12... Bd7 13. Ng5 $146 ({Predecessor:} 13. b4 cxb4 14. axb4 Nxb4 15. Nd2 Nd5 16. Rxb7 Bc6 17. Ne4 Qd8 18. Bg5 f6 19. Nc5 Qd6 20. Ne4 Qd8 21. Nc5 Qd6 22. Ne4 Qd8 23. Nc5 {½-½ (23) Pavlovic,M (2506)-Abrahamyan,T (2376) Reykjavik 2014}) 13... b6 14. Ne4 Qe7 15. Bg5 f6 16. Bd2 Rfd8 17. Nc3 Rac8 18. b4 Be6 ({Black should play} 18... cxb4 $11 19. Nd5 Qe8 20. Bxb4 Be6) 19. bxc5 $1 $14 Qxc5 20. Qa4 Qd6 21. Nb5 Qd7 $1 22. Qa6 (22. Bxc6 $5 Rxc6 23. Nxa7 $11) 22... Nd4 23. Nxd4 exd4 24. Rfc1 Bf8 25. h4 Bc5 {Precision: White = 62%, Black = 46%.} 1/2-1/2

[Event "XVII MetLife Najdorf Open 2017"]
[Site "Warsaw"]
[Date "2017.07.13"]
[Round "5.2"]
[White "Jumabayev, Rinat"]
[Black "Markowski, Tomasz"]
[Result "1/2-1/2"]
[WhiteElo "2620"]
[BlackElo "2557"]
[Annotator "TA"]
[PlyCount "104"]
[EventDate "2017.??.??"]
[EventType "swiss"]
[EventCountry "POL"]
[SourceTitle "playchess.com"]
[Source "ChessBase"]
[SourceQuality "1"]

{[%evp 19,104,24,26,32,14,39,29,37,39,29,23,31,27,10,51,58,57,64,56,65,45,0,0,-20,-14,-22,-5,-27,-12,-78,0,-140,-142,-133,-152,-142,-147,-137,-137,-136,-122,-100,-60,-60,-60,-60,-60,-60,-60,-60,-60,-60,-60,-76,-76,-76,-77,-80,-67,-67,-67,-67,-67,-67,-67,-67,-54,-67,-62,-62,-62,-62,-51,-51,-51,-51,-51,-51,-47,-51,-16,-19,-12,-12,-12,-22,0]} 1. d4 Nf6 2. c4 e6 3. g3 c5 4. d5 exd5 5. cxd5 d6 6. Nc3 g6 7. Bg2 Bg7 8. Nf3 O-O 9. O-O Re8 10. Bf4 Na6 11. Re1 {A62: Modern Benoni: Fianchetto Variation without early ...Nbd7} Bf5 12. Nd2 Nh5 13. e4 {White has an edge.} Nxf4 14. gxf4 Bd7 15. Nc4 Qf6 {[#]} 16. Qf3 $146 (16. e5 $5 Qxf4 17. Re4 $11) ({Predecessor:} 16. e5 Qxf4 17. Re4 Qh6 18. e6 fxe6 19. Nxd6 {1-0 (58) Gupta,A (2619)-Zhigalko,S (2675) Tashkent 2014}) 16... b5 17. e5 $1 {[%cal Re5f6]} dxe5 18. Nxe5 Bf5 19. Nxb5 (19. d6 $5 Qxd6 20. Nxb5 $11) 19... Rab8 20. a4 Nb4 $36 {[%mdl 2048] Black has the initiative.} 21. Na3 Rbd8 22. Rad1 h5 23. h3 Bh6 24. Nc6 {[#]} (24. Re3 $11) 24... Nd3 (24... Nxc6 $1 $17 25. Rxe8+ Rxe8 26. dxc6 Be4) 25. Rxe8+ (25. Re3 $1 $11 {remains equal.} Nxf4 26. Nxd8 Rxd8 27. Bf1) 25... Rxe8 $17 26. d6 Qxd6 27. Ne5 Nxe5 28. fxe5 Qxe5 29. Nc4 Qf6 30. Nd6 Rd8 (30... Re5 {keeps more tension.} 31. Qa8+ Kh7 32. Qxa7 Be6 33. Qb7 c4) 31. Nxf5 Rxd1+ 32. Qxd1 Qxf5 33. b3 Bf4 34. Qd5 Be5 {Strongly threatening ...Qg5.} 35. Qf3 Qg5 36. Qa8+ Kg7 37. Qf3 Bd4 38. Qd1 a5 39. Qc2 Qg3 40. Kf1 Qf4 41. Bd5 Qh4 42. Bg2 Qf6 43. Bd5 Qf4 44. Qe2 Qc1+ 45. Qe1 Qg5 46. Qe4 f5 (46... Qd8 {seems wilder.} 47. Qf3 Qe7 48. Bc4 Bf6 49. Bd5 Be5) 47. Qf3 Kh6 48. Bc4 Qc1+ 49. Kg2 Qd2 50. Qg3 {The position is equal.} Qe1 51. Qf4+ Kh7 52. Qc7+ Kh6 {Precision: White = 60%, Black = 58%.} 1/2-1/2

[Event "XVII MetLife Najdorf Open 2017"]
[Site "Warsaw"]
[Date "2017.07.13"]
[Round "5.3"]
[White "Czarnota, Pawel"]
[Black "Mista, Aleksander"]
[Result "1/2-1/2"]
[WhiteElo "2557"]
[BlackElo "2599"]
[Annotator "TA"]
[PlyCount "46"]
[EventDate "2017.??.??"]
[EventType "swiss"]
[EventCountry "POL"]
[SourceTitle "playchess.com"]
[Source "ChessBase"]
[SourceQuality "1"]

{[%evp 35,40,0,0,0,0,-3,0]} 1. d4 d5 2. c4 c6 3. cxd5 cxd5 4. Nc3 Nf6 5. Nf3 Nc6 6. Bf4 Bf5 7. e3 e6 8. Bd3 Bxd3 9. Qxd3 Bd6 10. Bxd6 Qxd6 11. O-O O-O 12. Rac1 Rac8 13. a3 a6 14. Rc2 Rc7 15. Rfc1 Rfc8 16. Ne2 {D14: Slav Defence: Exchange variation with ...Bf5} (16. h3 h6 17. Nd2 Na5 18. Ne2 Rxc2 19. Rxc2 Rxc2 20. Qxc2 Qc6 21. Qxc6 Nxc6 22. Nc3 Kf8 23. Kf1 Ke7 24. Ke2 Kd6 {½-½ (42) Dreev,A (2667)-Mamedyarov,S (2743) Dubai 2014}) 16... Ne7 17. Rxc7 Rxc7 18. Rxc7 Qxc7 {LiveBook: 15 Games. The position is equal.} 19. h3 Ne4 20. Nd2 Nxd2 {[#]} {Predecessor:} 21. Qxd2 $146 Nf5 22. Qc3 Qxc3 23. Nxc3 Nd6 {½-½ (42) Pantsulaia,L (2595)-Jurcik,M (2467) Plovdiv 2012} 1/2-1/2

[Event "XVII MetLife Najdorf Open 2017"]
[Site "Warsaw"]
[Date "2017.07.13"]
[Round "5.4"]
[White "Tomczak, Jacek"]
[Black "Kveinys, Aloyzas"]
[Result "1/2-1/2"]
[WhiteElo "2596"]
[BlackElo "2542"]
[Annotator "TA"]
[PlyCount "69"]
[EventDate "2017.??.??"]
[EventType "swiss"]
[EventCountry "POL"]
[SourceTitle "playchess.com"]
[Source "ChessBase"]
[SourceQuality "1"]

{[%evp 22,69,60,35,79,47,55,33,52,13,30,27,62,58,71,70,77,74,70,68,59,68,66,69,50,70,91,88,88,100,85,51,69,58,96,26,20,29,31,24,32,18,25,11,8,8,13,0,0,0]} 1. e4 c5 2. Nf3 Nc6 3. d4 cxd4 4. Nxd4 g6 5. c4 Bg7 6. Be3 Nf6 7. Nc3 d6 8. Be2 O-O 9. O-O Bd7 10. Nc2 Ne5 {B38: Sicilian: Maroczy Bind with 5...Bg7 and 7...0-0} (10... Qa5 11. f3 Rfc8 12. Rc1 Ne5 13. b4 Qd8 14. Na3 a5 15. b5 a4 16. Nd5 Nxd5 17. cxd5 Rxc1 18. Qxc1 Qa5 {0-1 (50) Leko,P (2693)-Adhiban,B (2666) Doha 2016}) 11. f3 a6 12. Qd2 {LiveBook: 4 Games} Qc7 {White is slightly better.} 13. Na3 {[%cal Bc2a3,Ba3b1,Bb1c3,Bc3b5][%mdl 32]} Rfc8 14. Rac1 $146 ({Predecessor:} 14. Rfc1 Be6 15. Nd5 Bxd5 16. exd5 Qd7 17. Re1 h5 18. h3 {1-0 (32) Levin,F (2486)-Einwiller,B (2209) Bad Woerishofen 2004}) 14... Qa5 15. h3 (15. c5 $5) 15... Nc6 16. Rfd1 Be6 17. Nab1 Nd7 18. a3 {[%cal Ba2a3,Ba3b4][%mdl 32]} Qd8 {[#]} 19. b4 $1 a5 20. Nd5 axb4 21. axb4 Ra1 22. Nbc3 Rxc1 23. Rxc1 Ra8 24. Nb5 Ra1 25. Rxa1 Bxa1 26. f4 Bg7 27. Ndc7 Nf8 28. c5 (28. Kh2 $16) 28... dxc5 $11 {[#] Strongly threatening ...Qxd2.} 29. Qxd8 Nxd8 30. Bxc5 Nc6 31. Nd5 f5 32. Bf3 (32. Ndc7 $5 {[%cal Rc7e6]} Bb3 33. exf5 $14) 32... fxe4 {The position is equal.} 33. Bxe4 Kf7 34. Ndc7 Bb3 35. Na7 {Precision: White = 44%, Black = 69%.} 1/2-1/2

[Event "XVII MetLife Najdorf Open 2017"]
[Site "Warsaw"]
[Date "2017.07.13"]
[Round "5.5"]
[White "Puranik, Abhimanyu"]
[Black "Indjic, Aleksandar"]
[Result "1/2-1/2"]
[WhiteElo "2479"]
[BlackElo "2575"]
[Annotator "TA"]
[PlyCount "88"]
[EventDate "2017.??.??"]
[EventType "swiss"]
[EventCountry "POL"]
[SourceTitle "playchess.com"]
[Source "ChessBase"]
[SourceQuality "1"]

{[%evp 10,88,27,26,48,42,58,35,41,28,32,14,61,7,26,10,21,-59,22,10,107,35,32,42,48,0,63,0,0,12,-48,-100,-95,-90,-102,-96,-102,-94,-92,-117,-115,-90,0,-55,-8,-20,-21,-14,7,0,0,0,0,0,5,4,5,4,5,8,9,0,33,32,32,7,9,6,0,0,0,0,0,0,0,0,0,0,0,0,0]} 1. e4 c5 2. Nf3 d6 3. d4 cxd4 4. Nxd4 Nf6 5. Nc3 a6 6. Be3 h5 {B90: Sicilian Najdorf: Unusual White 6th moves, 6 Be3 Ng4 and 6 Be3 e5} (6... e5 7. Nf3 Be7 8. Bc4 O-O 9. O-O Nc6 10. Bg5 Be6 11. Bb3 Nd7 12. Bxe7 Qxe7 13. Nd5 Qd8 14. Qe2 Nc5 15. Rfd1 h6 16. Qe3 Nxb3 17. axb3 Ne7 18. Nb6 Rb8 19. Nxe5 {1-0 (42) Grischuk,A (2761)-Topalov,V (2749) Paris 2017}) 7. Be2 e6 8. Qd2 Nbd7 {White is slightly better.} 9. f3 b6 10. Bg5 Qc7 11. f4 (11. O-O-O $14) 11... Bb7 $11 12. Bf3 b5 $146 ({Predecessor:} 12... Be7 13. O-O-O O-O-O 14. Rhe1 b5 15. Re3 {1-0 (45) Mosquera,M (2383)-Vargas,M (2167) Bogota 2016}) 13. Qe2 (13. a3 $11) 13... Be7 (13... b4 $15 14. Nd1 e5) 14. a3 (14. e5 $5 dxe5 15. fxe5 $11) 14... g6 (14... Rc8 $11 {remains equal.}) 15. O-O-O (15. e5 $1 $16 {[%cal Re5f6]} dxe5 16. fxe5 Bxf3 17. Nxf3) 15... e5 16. Nb3 Rc8 17. Kb1 Qb6 (17... exf4 $1 $11 18. Qd2 Ne5) 18. f5 ({Better is} 18. Rhe1 $14) 18... Rxc3 19. bxc3 {White wants to play fxg6.} gxf5 20. Bxf6 ({White should try} 20. exf5 $15 e4 21. Rhe1) 20... Nxf6 $17 21. Nd2 {[#]} d5 $1 {[%cal Rd5e4]} 22. exd5 e4 23. Nxe4 fxe4 24. Bxe4 Qd6 25. Rhe1 Kd8 (25... Qxa3 $6 26. Bf3 $16) (25... Kf8 $17) 26. Qf2 (26. Bf3 $11) 26... Re8 {[%mdl 1024] Black has compensation.} ({Wrong is} 26... Nxd5 $2 27. Bxd5 Bxd5 28. Qf5 $18) ({Much weaker is} 26... Nxe4 $6 27. Rxe4 Rf8 28. a4 $16) 27. Qa7 Kc7 28. Bf3 Kc8 29. c4 {Threatens to win with cxb5.} Bf8 30. Rxe8+ Nxe8 31. cxb5 ({Much worse is} 31. Bxh5 Qxa3 32. Bg4+ Kc7 $17) 31... Qxa3 32. Rd4 axb5 33. Qxa3 Bxa3 34. Bxh5 Nd6 $1 35. Bf3 Kd8 36. h4 Bc5 37. Rd3 Ke7 {The position is equal.} 38. g4 Kf6 39. Bg2 b4 40. Rf3+ Kg6 41. Rf4 f6 42. Kb2 Ba6 43. Kb3 Be2 44. Bh1 Kg7 {Precision: White = 45%, Black = 55%.} 1/2-1/2

[Event "XVII MetLife Najdorf Open 2017"]
[Site "Warsaw"]
[Date "2017.07.13"]
[Round "5.6"]
[White "Fridman, Daniel"]
[Black "Szadkowski, Kamil"]
[Result "1-0"]
[WhiteElo "2635"]
[BlackElo "2237"]
[Annotator "TA"]
[PlyCount "87"]
[EventDate "2017.??.??"]
[EventType "swiss"]
[EventCountry "POL"]
[SourceTitle "playchess.com"]
[Source "ChessBase"]
[SourceQuality "1"]

{[%evp 26,87,50,50,51,48,50,41,62,42,73,50,57,53,108,108,116,122,120,91,85,97,84,86,128,128,124,125,137,120,121,121,122,117,120,113,119,120,125,124,126,124,137,119,164,150,150,150,181,179,190,180,300,267,377,372,446,446,446,446,446,439,428,428]} 1. c4 Nf6 2. Nc3 c5 3. Nf3 g6 4. d4 cxd4 5. Nxd4 Bg7 6. e4 d6 7. Be2 O-O 8. O-O Nc6 9. Be3 Bd7 10. Qd2 Nxd4 11. Bxd4 Bc6 12. f3 Nd7 13. Be3 a5 14. b3 Qb8 {B38: Sicilian: Maroczy Bind with 5...Bg7 and 7...0-0} (14... Nc5 15. Rab1 Qb6 16. Rfc1 Rfc8 17. Rc2 Qb4 18. Qc1 Qb6 19. Kh1 h5 20. a3 Qd8 21. Qd2 Kh7 22. Bf1 Qf8 23. b4 axb4 24. axb4 Na4 25. Ne2 {1-0 (55) Navara,D (2734)-Mamedov,R (2650) Huaian 2016}) 15. Rac1 Nc5 16. Rfd1 $146 ({Predecessor:} 16. Rc2 e5 17. Nb5 Rd8 18. Rd1 Ne6 19. Rc3 Bxb5 20. cxb5 Nd4 21. Bc4 a4 22. b4 Qa7 23. Kh1 {1-0 (39) Krush,I (2490)-Thorsteinsson,A (2205) Reykjavik 2014}) 16... Rd8 {White is slightly better.} 17. Bf1 h5 18. g3 Kh7 19. Nd5 Bxd5 (19... Re8 $1 $14) 20. cxd5 $16 Rc8 21. Bb5 Rc7 22. Rc4 Nd7 23. Bxd7 Rxd7 24. Bb6 Qh8 25. Bxa5 b5 26. Rc6 Bd4+ 27. Qxd4 Qxd4+ 28. Rxd4 {[#] b4 is the strong threat.} Rxa5 {[%mdl 4096] Endgame KRR-KRR} 29. Rd2 Rda7 30. Rcc2 Kg7 31. Kf2 Kf6 32. Ke3 R7a6 33. h4 Ra8 34. Kd4 Ra3 35. Kc3 R8a4 36. Re2 e6 37. Rcd2 Ke7 38. e5 dxe5 (38... exd5 {might work better.} 39. Rxd5 dxe5) 39. Rxe5 $18 b4+ (39... Ra7 {was necessary.} 40. dxe6 fxe6) 40. Kc4 Rxa2 41. dxe6 {White is clearly winning.} (41. bxa4 Rxd2 42. dxe6 (42. Kxb4 Kd6 $11) 42... fxe6 $18) 41... fxe6 42. Rxa2 ({Not} 42. bxa4 Rxd2 43. a5 (43. Kxb4 Rb2+ 44. Kc4 Rc2+ 45. Kb3 Rf2 $18) 43... b3 $18) 42... Rxa2 43. Kxb4 Kf6 44. f4 {Precision: White = 70%, Black = 38%.} 1-0

[Event "XVII MetLife Najdorf Open 2017"]
[Site "Warsaw"]
[Date "2017.07.13"]
[Round "5.7"]
[White "Debashis, Das"]
[Black "Efimenko, Zahar"]
[Result "1/2-1/2"]
[WhiteElo "2505"]
[BlackElo "2643"]
[Annotator "TA"]
[PlyCount "48"]
[EventDate "2017.??.??"]
[EventType "swiss"]
[EventCountry "POL"]
[SourceTitle "playchess.com"]
[Source "ChessBase"]
[SourceQuality "1"]

{[%evp 26,48,24,8,21,9,0,0,0,0,0,8,20,0,27,23,21,16,41,8,8,8,9,12,14]} 1. d4 Nf6 2. c4 e6 3. Nc3 Bb4 4. e3 O-O 5. Bd3 d5 6. Nf3 b6 7. O-O Bb7 8. cxd5 exd5 9. a3 Bd6 10. b4 Nbd7 11. Qb3 c6 12. e4 {E52: Nimzo-Indian: Rubinstein: 4...0-0 5 Nf3 d5 6 Bd3 b6} (12. a4 a5 13. bxa5 Rxa5 14. Ba3 Qe7 15. Bxd6 Qxd6 16. Rab1 Ba6 17. Bxa6 Rxa6 18. Rfc1 Rfa8 19. h3 g6 {½-½ (37) Yu,Y (2750)-Adams,M (2761) Shenzhen 2017}) 12... dxe4 13. Nxe4 Nxe4 14. Bxe4 {LiveBook: 3 Games. White has an edge.} h6 15. Bb2 Nf6 16. Bc2 a5 17. Ne5 {[#]} Qc7 $146 ({Predecessor:} 17... Nd5 18. Qf3 Qc7 19. b5 Rad8 20. bxc6 Bxc6 {1-0 (35) Comas Fabrego,L (2490)-Schandorff,L (2563) Istanbul 2003}) 18. Rac1 axb4 19. axb4 c5 20. bxc5 bxc5 21. dxc5 Bxc5 ({Of course not} 21... Bxe5 $6 22. Bxe5 Qc6 23. Qg3 $16) 22. Bd4 Bd5 {The position is equal.} ({Avoid the trap} 22... Bxd4 $2 23. Bh7+ $1 {[%mdl 512]} Kxh7 24. Rxc7 $18) 23. Qg3 {Bxc5 is the strong threat.} Rfe8 ({Don't go for} 23... Bxd4 $2 {[#]} 24. Bh7+ $1 {[%mdl 512]} Nxh7 25. Rxc7 $18) 24. Bxc5 Qxe5 {Precision: White = 57%, Black = 68%.} 1/2-1/2

[Event "XVII MetLife Najdorf Open 2017"]
[Site "Warsaw"]
[Date "2017.07.13"]
[Round "5.8"]
[White "Edouard, Romain"]
[Black "Nihal Sarin"]
[Result "1-0"]
[WhiteElo "2622"]
[BlackElo "2471"]
[Annotator "TA"]
[PlyCount "91"]
[EventDate "2017.??.??"]
[EventType "swiss"]
[EventCountry "POL"]
[SourceTitle "playchess.com"]
[Source "ChessBase"]
[SourceQuality "1"]

{[%evp 25,91,22,39,1,25,0,0,0,47,40,41,45,45,49,63,63,63,63,71,70,70,63,63,63,63,63,63,63,63,63,63,63,66,43,70,22,37,37,40,40,50,25,85,30,85,85,85,43,96,100,112,116,241,217,734,277,266,204,204,209,189,197,471,343,804,794,771,764]} 1. c4 c5 2. Nf3 Nc6 3. Nc3 {[%cal Bb1c3,Bc3d1,Bd1e3,Be3c4,Bc4e5][%mdl 32]} Nf6 4. g3 d5 5. d4 cxd4 6. Nxd4 dxc4 7. Nxc6 Qxd1+ 8. Nxd1 bxc6 9. Bg2 Nd5 10. Ne3 e6 11. Nxc4 Ba6 12. b3 Bb4+ 13. Bd2 Ke7 {[#] LiveBook: 14 Games. A34: Symmetrical English: 2 Nc3, lines with ...d5} 14. Ne5 $146 ({Predecessor:} 14. Rc1 Rhc8 15. Ne5 c5 16. Bxb4 cxb4 17. Rxc8 Rxc8 18. Bxd5 Kd6 19. Bf3 Kxe5 20. Kd2 Rc5 21. a3 bxa3 {½-½ (36) Aronian,L (2795)-Gelfand,B (2743) Moscow 2016}) 14... Rac8 15. Be4 c5 {The position is equal.} 16. Bxb4 cxb4 (16... Nxb4 {is interesting.} 17. O-O f5 18. a3 Nd5 19. Bf3 Kf6) 17. Bxd5 exd5 18. Nf3 Rc3 19. Nd4 Kf6 20. O-O Bb7 21. a3 bxa3 22. Rxa3 a6 23. Rd1 Rb8 24. Kf1 g6 25. Ke1 Rc5 26. Kd2 Ke5 27. e3 Bc8 28. Raa1 Kd6 29. f3 h5 30. h3 Rb6 31. g4 hxg4 32. hxg4 Bd7 33. Rh1 Be8 (33... a5 $11) 34. Ra2 (34. Rh8 $16 Bb5 35. g5) 34... Ke7 (34... a5 $1 $11) 35. g5 $16 Bd7 36. f4 Be8 (36... a5 $14) 37. Rh6 f6 38. Rh7+ Kf8 (38... Bf7 $16 39. gxf6+ Kxf6) 39. Ra7 $18 Bb5 $2 {[#]} (39... Rc8 40. gxf6 (40. R7xa6 Rxa6 41. Rxa6 fxg5 $18) 40... Rxf6 41. R7xa6 Rxa6 42. Rxa6 Rb8) 40. f5 $2 (40. Ra1 {And now Rh1 would win.} Rc8 41. f5 fxg5 42. Rh1) 40... fxg5 {intending ...gxf5.} 41. Ne6+ Rxe6 42. fxe6 {[%cal Bf5e6,Be6e7][%mdl 32]} Rc6 43. e7+ Kf7 $2 {[#]} (43... Ke8 {might work better.} 44. Ra1 Rd6) 44. Kd1 Rf6 $2 (44... Rc8 45. e8=Q+ Kxe8) 45. Rh2 Ke6 46. Rh8 {Precision: White = 67%, Black = 44%.} 1-0